[Event "LSS BI-2010-P-00034"]
[Site "LSS email"]
[Date "2010.04.19"]
[Round "?"]
[White "Selmeczi, Jozsef"]
[Black "Brey Rodrigo, Gonzalo"]
[Result "1-0"]
[WhiteElo "1681"]
[BlackElo "823"]
[PlyCount "77"]
[EventDate "2010.04.22"]
[EventType "tourn (corr)"]
[EventRounds "10"]
[EventCountry "GER"]
[SourceTitle "Telechess CBM 141"]
[Source "ChessBase"]
[SourceDate "2011.03.17"]
[SourceVersion "1"]
[SourceVersionDate "2011.03.17"]
[SourceQuality "1"]

1. d4 d5 2. Nf3 Nf6 3. e3 e6 4. c4 c5 5. b3 b6 6. Bb2 Ba6 7. Nbd2 Nc6 8. cxd5 exd5 9. Bxa6 cxd4 10. Nxd4 Nxd4 11. Bxd4 Bb4 12. 0-0 0-0 13. Nf3 Qd6 14. Bxf6 Qxf6 15. Qxd5 Rad8 16. Qg5 Qxg5 17. Nxg5 Rd5 18. Nf3 Rfd8 19. a4 h6 20. h3 g5 21. g4 Kg7 22. Nd4 Bc5 23. Nf5+ Kg6 24. Bc4 Rd2 25. a5 f6 26. axb6 Bxb6 27. Kg2 h5 28. Kf3 a5 29. Nd4 Bxd4 30. exd4 R8xd4 31. Rxa5 hxg4+ 32. hxg4 Rf4+ 33. Ke3 Rdd4 34. f3 Rxc4 35. bxc4 Rxc4 36. Ra7 Rc5 37. Rb1 Re5+ 38. Kf2 f5 39. Rb6+ 1-0

[Event "LSS BI-2010-P-00034"]
[Site "LSS email"]
[Date "2010.04.19"]
[Round "?"]
[White "Vujadinovic, Milan"]
[Black "Brey Rodrigo, Gonzalo"]
[Result "1-0"]
[WhiteElo "2009"]
[BlackElo "827"]
[PlyCount "49"]
[EventDate "2010.04.22"]
[EventType "tourn (corr)"]
[EventRounds "10"]
[EventCountry "GER"]
[SourceTitle "Telechess CBM 147"]
[Source "ChessBase"]
[SourceDate "2012.03.16"]
[SourceVersion "1"]
[SourceVersionDate "2012.03.16"]
[SourceQuality "1"]

1. e4 e5 2. Nf3 Nc6 3. d4 exd4 4. Nxd4 Nxd4 5. Qxd4 d6 6. Nc3 Nf6 7. Be2 Be6 8. 0-0 Be7 9. Bf4 0-0 10. Rad1 Qd7 11. Rfe1 h6 12. e5 dxe5 13. Qxe5 Bd6 14. Qd4 Bxf4 15. Qxf4 Qc6 16. Bf3 Qb6 17. Na4 Qa5 18. Bxb7 Rab8 19. Re5 Qxe5 20. Qxe5 Rxb7 21. Nc5 Rxb2 22. Qxb2 c6 23. Nxe6 fxe6 24. f3 Nd5 25. c4 1-0

[Event "LSS RN-2010-0-00275"]
[Site "LSS email"]
[Date "2010.03.24"]
[Round "?"]
[White "Brey Rodrigo, Gonzalo"]
[Black "Brough, Carl"]
[Result "1-0"]
[WhiteElo "827"]
[BlackElo "593"]
[PlyCount "23"]
[EventDate "2010.03.15"]
[EventType "tourn (corr)"]
[EventRounds "6"]
[EventCountry "GER"]
[SourceTitle "Corr 2015"]
[Source "ChessBase"]
[SourceDate "2015.07.17"]
[SourceVersion "1"]
[SourceVersionDate "2015.07.17"]
[SourceQuality "1"]

1. e4 e5 2. Nf3 Nc6 3. Bb5 Bc5 4. 0-0 Nd4 5. Bc4 Qf6 6. Nxd4 exd4 7. e5 Qf5 8. d3 f6 9. exf6 Nxf6 10. Re1+ Be7 11. Qe2 d5 12. Qxe7# 1-0

[Event "LSS RN-2010-0-00275"]
[Site "LSS email"]
[Date "2010.03.24"]
[Round "?"]
[White "Yangibayev, Rustam"]
[Black "Brey Rodrigo, Gonzalo"]
[Result "1-0"]
[WhiteElo "771"]
[BlackElo "845"]
[PlyCount "61"]
[EventDate "2010.03.15"]
[EventType "tourn (corr)"]
[EventRounds "6"]
[EventCountry "GER"]
[SourceTitle "Corr 2013"]
[Source "ChessBase"]
[SourceDate "2012.11.12"]
[SourceVersion "1"]
[SourceVersionDate "2012.11.12"]
[SourceQuality "1"]

1. d4 d5 2. c4 e6 3. Nc3 Nf6 4. Nf3 Bb4 5. Bd2 0-0 6. e3 b6 7. Be2 c5 8. 0-0 Nc6 9. a3 Bxc3 10. Bxc3 Bb7 11. h3 a6 12. b3 cxd4 13. Nxd4 Ne4 14. Bb2 Nxd4 15. Qxd4 Nf6 16. Bd3 Re8 17. Qh4 h6 18. Rad1 Rc8 19. a4 a5 20. Rfe1 e5 21. f3 d4 22. exd4 exd4 23. Rxe8+ Nxe8 24. Qg4 Nf6 25. Qf4 Qe7 26. Bxd4 Nh5 27. Qg4 Nf6 28. Qf5 Rd8 29. Bxb6 Rxd3 30. Rxd3 Qe1+ 31. Kh2 1-0

[Event "LSS RF-2009-0-00043"]
[Site "LSS email"]
[Date "2010.03.10"]
[Round "?"]
[White "Stadler, Pavel"]
[Black "Brey Rodrigo, Gonzalo"]
[Result "1-0"]
[WhiteElo "1138"]
[BlackElo "862"]
[PlyCount "53"]
[EventDate "2009.12.24"]
[EventType "tourn (corr)"]
[EventRounds "6"]
[EventCountry "GER"]
[SourceTitle "Corr 2013"]
[Source "ChessBase"]
[SourceDate "2012.11.12"]
[SourceVersion "1"]
[SourceVersionDate "2012.11.12"]
[SourceQuality "1"]

1. e4 e5 2. Nf3 Nc6 3. Bc4 Bc5 4. b4 Bxb4 5. c3 Bc5 6. d4 exd4 7. 0-0 dxc3 8. Qd5 Qe7 9. Nxc3 h6 10. e5 d6 11. exd6 Bxd6 12. Re1 Be6 13. Qb5 0-0-0 14. Rb1 Na5 15. Qxa5 Bxc4 16. Rxe7 Nxe7 17. Qxa7 Bd5 18. Nxd5 Nxd5 19. Qxb7+ Kd7 20. Qxd5 Ke8 21. Qc6+ Rd7 22. Rb8+ Ke7 23. Rxh8 Be5 24. Ba3+ Bd6 25. Bxd6+ Rxd6 26. Qxc7+ Ke6 27. Re8+ 1-0

[Event "LSS SN-2010-0-00226"]
[Site "LSS email"]
[Date "2010.03.04"]
[Round "?"]
[White "Brey Rodrigo, Gonzalo"]
[Black "Arriola, Roger"]
[Result "0-1"]
[WhiteElo "827"]
[BlackElo "893"]
[PlyCount "33"]
[EventDate "2010.02.15"]
[EventType "tourn (corr)"]
[EventRounds "6"]
[EventCountry "GER"]
[SourceTitle "Corr 2015"]
[Source "ChessBase"]
[SourceDate "2015.07.17"]
[SourceVersion "1"]
[SourceVersionDate "2015.07.17"]
[SourceQuality "1"]

1. e4 e5 2. Nf3 Nc6 3. Bb5 Nge7 4. 0-0 a6 5. Ba4 g6 6. c3 Bg7 7. d4 exd4 8. cxd4 0-0 9. Bg5 b5 10. Bb3 d6 11. h3 h6 12. Bf4 Kh7 13. a3 f5 14. exf5 Nxf5 15. d5 Ncd4 16. Nxd4 Nxd4 17. Qxd4 0-1

[Event "LSS RN-2010-0-00268"]
[Site "LSS email"]
[Date "2010.03.02"]
[Round "?"]
[White "Brey Rodrigo, Gonzalo"]
[Black "Adams, Mark"]
[Result "1-0"]
[WhiteElo "824"]
[BlackElo "596"]
[PlyCount "87"]
[EventDate "2010.02.21"]
[EventType "tourn (corr)"]
[EventRounds "6"]
[EventCountry "GER"]
[SourceTitle "Corr 2013"]
[Source "ChessBase"]
[SourceDate "2012.11.12"]
[SourceVersion "1"]
[SourceVersionDate "2012.11.12"]
[SourceQuality "1"]

1. e4 c5 2. Nf3 Nc6 3. d4 cxd4 4. Nxd4 g6 5. Nc3 Bg7 6. Be3 Nf6 7. Be2 0-0 8. Qd2 d6 9. 0-0-0 e6 10. f4 e5 11. Nxc6 bxc6 12. Qxd6 Qxd6 13. Rxd6 Bb7 14. fxe5 Ne8 15. Rd7 Bc8 16. Rd8 Bxe5 17. g3 Bxc3 18. bxc3 Nf6 19. Rxf8+ Kxf8 20. Bf3 Bb7 21. Rd1 Rc8 22. Rd6 Ke7 23. Bc5 Nd7 24. Rd5+ Nxc5 25. Rxc5 Kd6 26. Ra5 Ra8 27. a4 f6 28. Kb2 f5 29. exf5 gxf5 30. Rxf5 Rb8 31. Ka3 Bc8 32. Rf6+ Be6 33. Bxc6 Ke7 34. Rh6 Kd6 35. Bb5 Kd5 36. Rxh7 a5 37. Rh5+ Kd6 38. h3 Rc8 39. Kb2 Rg8 40. g4 Bf7 41. Ka3 Bxh5 42. gxh5 Rh8 43. Be2 Rxh5 44. Bxh5 1-0

[Event "LSS RN-2010-0-00265"]
[Site "LSS email"]
[Date "2010.02.25"]
[Round "?"]
[White "Lebduska, Daniel"]
[Black "Brey Rodrigo, Gonzalo"]
[Result "0-1"]
[WhiteElo "576"]
[BlackElo "922"]
[PlyCount "38"]
[EventDate "2010.02.13"]
[EventType "tourn (corr)"]
[EventRounds "6"]
[EventCountry "GER"]
[SourceTitle "Corr 2013"]
[Source "ChessBase"]
[SourceDate "2012.11.12"]
[SourceVersion "1"]
[SourceVersionDate "2012.11.12"]
[SourceQuality "1"]

1. e4 e5 2. Nf3 Nc6 3. Bb5 a6 4. Bxc6 dxc6 5. Nxe5 Qg5 6. d4 Qxg2 7. Rf1 Qxe4+ 8. Be3 Bf5 9. c3 f6 10. Nd2 Qd5 11. c4 Qa5 12. a3 fxe5 13. b4 Qb6 14. Qa4 exd4 15. c5 Bxc5 16. bxc5 Qxc5 17. Bf4 0-0-0 18. Nf3 Qc3+ 19. Ke2 Bd3+ 0-1

[Event "LSS No Engine Cup 16 Preliminary 3"]
[Site "LSS email"]
[Date "2010.02.07"]
[Round "?"]
[White "Brey Rodrigo, Gonzalo"]
[Black "Weiss, Lester P"]
[Result "0-1"]
[WhiteElo "946"]
[BlackElo "2060"]
[PlyCount "52"]
[EventDate "2010.02.08"]
[EventType "tourn (corr)"]
[EventRounds "6"]
[EventCountry "GER"]
[SourceTitle "Corr 2013"]
[Source "ChessBase"]
[SourceDate "2012.11.12"]
[SourceVersion "1"]
[SourceVersionDate "2012.11.12"]
[SourceQuality "1"]

1. e4 c5 2. Nf3 d6 3. d4 cxd4 4. Nxd4 Nf6 5. Nc3 a6 6. Be2 e5 7. Nf3 h6 8. 0-0 Be7 9. h3 0-0 10. Be3 Be6 11. Qd2 Nbd7 12. Bd3 Qc7 13. Rfe1 b5 14. a3 Rac8 15. Rad1 Rfd8 16. Na2 Bxa2 17. b3 Nc5 18. Bxc5 dxc5 19. Ra1 Bxb3 20. cxb3 c4 21. bxc4 bxc4 22. Rac1 Rxd3 23. Qxd3 cxd3 24. Rxc7 Rxc7 25. Nxe5 d2 26. Rd1 Rc1 0-1

[Event "LSS No Engine Cup 16 Preliminary 3"]
[Site "LSS email"]
[Date "2010.02.07"]
[Round "?"]
[White "Hilton, Stephen H"]
[Black "Brey Rodrigo, Gonzalo"]
[Result "0-1"]
[WhiteElo "1295"]
[BlackElo "877"]
[PlyCount "78"]
[EventDate "2010.02.08"]
[EventType "tourn (corr)"]
[EventRounds "6"]
[EventCountry "GER"]
[SourceTitle "Corr 2013"]
[Source "ChessBase"]
[SourceDate "2012.11.12"]
[SourceVersion "1"]
[SourceVersionDate "2012.11.12"]
[SourceQuality "1"]

1. c4 e5 2. g3 Nf6 3. Bg2 Bc5 4. e3 0-0 5. Ne2 Re8 6. 0-0 d5 7. cxd5 Nxd5 8. a3 Nc6 9. b4 Bd6 10. Bb2 Bg4 11. h3 Be6 12. Nbc3 Nxc3 13. Nxc3 Qd7 14. Kh2 a6 15. d3 Bf5 16. Ne4 Rad8 17. Qe2 h6 18. Nxd6 cxd6 19. Rac1 d5 20. Rfd1 d4 21. e4 Be6 22. Qf1 f5 23. f4 fxe4 24. Bxe4 Rf8 25. Qg2 Bd5 26. Bxd5+ Qxd5 27. Qxd5+ Rxd5 28. Rf1 exf4 29. Rxf4 Rxf4 30. gxf4 g5 31. fxg5 hxg5 32. Rg1 Kf7 33. Kg3 Rf5 34. Kg4 Kg6 35. h4 Ne5+ 36. Kh3 Nxd3 37. Bxd4 Rf3+ 38. Rg3 Nf4+ 39. Kh2 Rxg3 0-1

[Event "LSS No Engine Cup 16 Preliminary 3"]
[Site "LSS email"]
[Date "2010.02.07"]
[Round "?"]
[White "Korostenski, Frank"]
[Black "Brey Rodrigo, Gonzalo"]
[Result "1-0"]
[WhiteElo "1730"]
[BlackElo "938"]
[PlyCount "65"]
[EventDate "2010.02.08"]
[EventType "tourn (corr)"]
[EventRounds "6"]
[EventCountry "GER"]
[SourceTitle "Corr 2013"]
[Source "ChessBase"]
[SourceDate "2012.11.12"]
[SourceVersion "1"]
[SourceVersionDate "2012.11.12"]
[SourceQuality "1"]

1. e4 e5 2. f4 d6 3. Nf3 Nc6 4. Nc3 Bg4 5. Be2 Bxf3 6. Bxf3 exf4 7. 0-0 Nf6 8. d4 Be7 9. Bxf4 0-0 10. e5 dxe5 11. dxe5 Bc5+ 12. Kh1 Qxd1 13. Raxd1 Ne8 14. Rd7 Rd8 15. Bxc6 Rxd7 16. Bxd7 c6 17. Ne4 Bb6 18. Bg5 f6 19. Be6+ Kh8 20. exf6 gxf6 21. Bxf6+ Nxf6 22. Rxf6 Rxf6 23. Nxf6 Bd4 24. Ne4 Bxb2 25. g4 Kg7 26. Kg2 Kg6 27. h4 b5 28. Bd7 Bf6 29. Nxf6 Kxf6 30. Bxc6 b4 31. g5+ Kg7 32. h5 a5 33. Kg3 1-0

[Event "LSS SN-2010-0-00218"]
[Site "LSS email"]
[Date "2010.01.31"]
[Round "?"]
[White "Menu, Vincent"]
[Black "Brey Rodrigo, Gonzalo"]
[Result "1-0"]
[WhiteElo "920"]
[BlackElo "938"]
[PlyCount "99"]
[EventDate "2010.01.13"]
[EventType "tourn (corr)"]
[EventRounds "6"]
[EventCountry "GER"]
[SourceTitle "Corr 2013"]
[Source "ChessBase"]
[SourceDate "2012.11.12"]
[SourceVersion "1"]
[SourceVersionDate "2012.11.12"]
[SourceQuality "1"]
[WhiteTeam "US of America"]
[BlackTeam "US of America"]
[WhiteTeamCountry "USA"]
[BlackTeamCountry "USA"]

1. e4 e5 2. Nf3 Nf6 3. Nc3 Nc6 4. Bc4 h6 5. d3 Bc5 6. 0-0 d6 7. Nd5 0-0 8. c3 Bg4 9. h3 Bh5 10. Re1 Na5 11. Nxf6+ Qxf6 12. b4 Nxc4 13. bxc5 Bxf3 14. Qxf3 Qxf3 15. gxf3 Na5 16. cxd6 cxd6 17. Ba3 Rfd8 18. Rab1 b6 19. Red1 Rac8 20. c4 Nc6 21. Kf1 Nd4 22. Kg2 Ne2 23. Rb2 Nd4 24. Kg3 f5 25. Bb4 f4+ 26. Kg2 Kf7 27. Bc3 Ne6 28. a4 g5 29. Kf1 Nc5 30. Ra2 a6 31. Ke2 Rb8 32. Rb1 a5 33. Rh1 Kg6 34. h4 Rd7 35. hxg5 hxg5 36. d4 Rh7 37. Rxh7 Nxe4 38. fxe4 Kxh7 39. Rb2 g4 40. dxe5 dxe5 41. Bxe5 f3+ 42. Ke3 Rc8 43. Rc2 Kg6 44. Kf4 Kh5 45. Bd4 Rc6 46. c5 bxc5 47. Rxc5+ Rxc5 48. Bxc5 Kh4 49. e5 Kh3 50. e6 1-0

[Event "LSS SN-2010-0-00218"]
[Site "LSS email"]
[Date "2010.01.30"]
[Round "?"]
[White "Brey Rodrigo, Gonzalo"]
[Black "Checa, Nicholas de T"]
[Result "0-1"]
[WhiteElo "976"]
[BlackElo "1014"]
[PlyCount "48"]
[EventDate "2010.01.13"]
[EventType "tourn (corr)"]
[EventRounds "6"]
[EventCountry "GER"]
[SourceTitle "Corr 2013"]
[Source "ChessBase"]
[SourceDate "2012.11.12"]
[SourceVersion "1"]
[SourceVersionDate "2012.11.12"]
[SourceQuality "1"]
[WhiteTeam "US of America"]
[BlackTeam "US of America"]
[WhiteTeamCountry "USA"]
[BlackTeamCountry "USA"]

1. e4 c5 2. Nf3 Nc6 3. d4 cxd4 4. Nxd4 Nf6 5. Nc3 e6 6. Bg5 Bb4 7. Qd2 Nxe4 8. Bxd8 Nxd2 9. Nxc6 bxc6 10. Bg5 Nxf1 11. Rxf1 Ba6 12. Rg1 Bxc3+ 13. bxc3 d5 14. Be3 0-0 15. Kd2 e5 16. Rab1 f5 17. f3 f4 18. Bf2 e4 19. fxe4 dxe4 20. Bd4 e3+ 21. Ke1 Rf5 22. g3 c5 23. Bxe3 fxe3 24. Rg2 Rf1# 0-1

[Event "LSS No Engine Cup Gr10 prel 05 email"]
[Site "LSS email"]
[Date "2009.11.13"]
[Round "?"]
[White "Bilsel, Sabahaddin"]
[Black "Brey Rodrigo, Gonzalo"]
[Result "1-0"]
[WhiteElo "2079"]
[BlackElo "1011"]
[PlyCount "65"]
[EventDate "2009.11.14"]
[EventType "tourn (corr)"]
[EventRounds "6"]
[EventCountry "GER"]
[SourceTitle "Telechess CBM 137"]
[Source "ChessBase"]
[SourceDate "2010.07.15"]
[SourceVersion "1"]
[SourceVersionDate "2010.07.15"]
[SourceQuality "1"]

1. d4 d5 2. c4 e6 3. Nc3 Bb4 4. Nf3 Nf6 5. Bg5 h6 6. Bxf6 Qxf6 7. e3 0-0 8. Rc1 dxc4 9. Bxc4 c5 10. 0-0 Bxc3 11. bxc3 Nc6 12. Qc2 b6 13. Bd3 cxd4 14. cxd4 Bb7 15. Qb1 Rac8 16. Be4 Qe7 17. Rfd1 Rc7 18. Rd2 Rfc8 19. Rdc2 Kf8 20. Nd2 f5 21. Bf3 Ke8 22. g3 Kd8 23. Nc4 Nb4 24. Bxb7 Rxb7 25. Rb2 Nd5 26. a3 Rbc7 27. Rbc2 g5 28. Qb2 h5 29. Ne5 Rxc2 30. Rxc2 Rxc2 31. Qxc2 Qxa3 32. Qc6 Ke7 33. Qd7+ 1-0

[Event "LSS No Engine Cup 10 Preliminary 5"]
[Site "LSS email"]
[Date "2009.11.13"]
[Round "?"]
[White "Somogyi, Gabor"]
[Black "Brey Rodrigo, Gonzalo"]
[Result "1-0"]
[WhiteElo "1720"]
[BlackElo "937"]
[PlyCount "73"]
[EventDate "2009.11.14"]
[EventType "tourn (corr)"]
[EventRounds "6"]
[EventCountry "GER"]
[SourceTitle "Corr 2013"]
[Source "ChessBase"]
[SourceDate "2012.11.12"]
[SourceVersion "1"]
[SourceVersionDate "2012.11.12"]
[SourceQuality "1"]

1. e4 e5 2. Nf3 Nf6 3. Nxe5 d6 4. Nf3 Nxe4 5. d4 d5 6. Bd3 Nc6 7. 0-0 Be7 8. Bf4 0-0 9. Nc3 Bf5 10. Re1 Bb4 11. Nxe4 Bxe1 12. Neg5 Bxf2+ 13. Kxf2 Bxd3 14. Qxd3 g6 15. Nh3 Re8 16. Kg1 Qd7 17. Ne5 Nxe5 18. Bxe5 c5 19. Qf3 cxd4 20. Bxd4 Re6 21. Nf4 Rc6 22. Nxd5 Qd6 23. Qf6 Qxf6 24. Nxf6+ Kf8 25. c3 b6 26. Nxh7+ Kg8 27. Nf6+ Kf8 28. Rf1 Rd8 29. Ng4 a5 30. Rxf7+ Kxf7 31. Ne5+ Ke6 32. Nxc6 Rd6 33. Ne5 g5 34. Kf2 b5 35. Kf3 b4 36. Kg4 bxc3 37. Bxc3 1-0

[Event "LSS No Engine Cup Gr09 prel 04 email"]
[Site "LSS email"]
[Date "2009.10.31"]
[Round "?"]
[White "Brey Rodrigo, Gonzalo"]
[Black "Weiss, Lester P"]
[Result "0-1"]
[WhiteElo "1015"]
[BlackElo "2077"]
[PlyCount "58"]
[EventDate "2009.11.01"]
[EventType "tourn (corr)"]
[EventRounds "6"]
[EventCountry "GER"]
[SourceTitle "Telechess CBM 137"]
[Source "ChessBase"]
[SourceDate "2010.07.15"]
[SourceVersion "1"]
[SourceVersionDate "2010.07.15"]
[SourceQuality "1"]

1. d4 Nf6 2. c4 g6 3. Nc3 Bg7 4. Nf3 0-0 5. e4 d6 6. Be2 e5 7. 0-0 Nc6 8. d5 Ne7 9. b4 Nh5 10. Re1 f5 11. Ng5 Nf6 12. Bd3 c6 13. Be3 h6 14. Ne6 Bxe6 15. dxe6 f4 16. Bd2 Qc8 17. Qf3 Qxe6 18. h3 g5 19. Rad1 Ng6 20. Qe2 Kh8 21. a4 h5 22. a5 Nh4 23. f3 g4 24. hxg4 hxg4 25. c5 gxf3 26. gxf3 Qh3 27. Rf1 Rg8 28. Qh2 Nxf3+ 29. Rxf3 Bh6+ 0-1

[Event "LSS ZN-2009-0-00759"]
[Site "LSS email"]
[Date "2009.10.28"]
[Round "?"]
[White "Trevis, Robert R"]
[Black "Brey Rodrigo, Gonzalo"]
[Result "0-1"]
[WhiteElo "917"]
[BlackElo "917"]
[PlyCount "42"]
[EventDate "2009.12.31"]
[EventType "match (corr)"]
[EventRounds "2"]
[EventCountry "GER"]
[SourceTitle "Telechess CBM 137"]
[Source "ChessBase"]
[SourceDate "2010.07.15"]
[SourceVersion "1"]
[SourceVersionDate "2010.07.15"]
[SourceQuality "1"]

1. e4 e5 2. Nf3 Nf6 3. Nxe5 d6 4. Nf3 Nxe4 5. d4 d5 6. Bd3 Nc6 7. 0-0 Be7 8. Re1 Bg4 9. c3 f5 10. Qb3 0-0 11. Nbd2 Kh8 12. Qxb7 Rf6 13. Qb3 Rb8 14. Qc2 Bd6 15. h3 Bh5 16. Qa4 Rg6 17. Nxe4 fxe4 18. Bxe4 dxe4 19. Nh4 Qxh4 20. Bd2 Qxh3 21. g3 Bxg3 0-1

[Event "LSS ZN-2009-0-00755"]
[Site "LSS email"]
[Date "2009.10.09"]
[Round "?"]
[White "Brey Rodrigo, Gonzalo"]
[Black "Lychev, Vassily"]
[Result "0-1"]
[WhiteElo "800"]
[BlackElo "800"]
[PlyCount "66"]
[EventDate "2009.10.06"]
[EventType "match (corr)"]
[EventRounds "2"]
[EventCountry "GER"]
[SourceTitle "Telechess CBM 137"]
[Source "ChessBase"]
[SourceDate "2010.07.15"]
[SourceVersion "1"]
[SourceVersionDate "2010.07.15"]
[SourceQuality "1"]

1. e4 c5 2. Nf3 d6 3. d4 cxd4 4. Nxd4 Nf6 5. Nc3 a6 6. Be2 e5 7. Nb3 Be7 8. 0-0 0-0 9. Be3 Qc7 10. a4 Nbd7 11. a5 Nc5 12. Nxc5 dxc5 13. Nd5 Nxd5 14. exd5 e4 15. c4 Bd6 16. g3 Bh3 17. Re1 Be5 18. Qc2 f5 19. Ra4 f4 20. gxf4 Bxf4 21. Qxe4 Rae8 22. Bxf4 Qf7 23. Qf3 Qg6+ 24. Qg3 Rxe2 25. Raa1 Rxe1+ 26. Rxe1 Rxf4 27. Qxg6 hxg6 28. Re3 Rg4+ 29. Rg3 Kf7 30. f3 Rxg3+ 31. hxg3 Bf5 32. Kf2 Bd3 33. b3 Bc2 0-1

[Event "LSS RN-2009-0-00232"]
[Site "LSS email"]
[Date "2009.10.03"]
[Round "?"]
[White "Brey Rodrigo, Gonzalo"]
[Black "Schearer, Michael James"]
[Result "1/2-1/2"]
[WhiteElo "800"]
[BlackElo "1074"]
[PlyCount "55"]
[EventDate "2009.09.13"]
[EventType "tourn (corr)"]
[EventRounds "6"]
[EventCountry "GER"]
[SourceTitle "Corr 2011"]
[Source "ChessBase"]
[SourceDate "2010.08.31"]
[SourceVersion "1"]
[SourceVersionDate "2010.08.31"]
[SourceQuality "1"]

1. e4 e5 2. Nf3 Nc6 3. Bb5 Nf6 4. 0-0 Nxe4 5. Re1 Nd6 6. Nxe5 Be7 7. Bf1 Nxe5 8. Rxe5 0-0 9. d4 Bf6 10. Re1 Nf5 11. c3 d5 12. Bd3 Nh4 13. Bf4 Bf5 14. Bxf5 Nxf5 15. Qd3 Qd7 16. Nd2 Rfe8 17. Nf3 c6 18. Bg5 Bxg5 19. Nxg5 f6 20. Nf3 Nd6 21. Nd2 Re6 22. Rxe6 Qxe6 23. Nf3 Re8 24. Kf1 Qg4 25. h3 Qf5 26. Qxf5 Nxf5 27. Re1 Kf7 28. Rxe8 1/2-1/2

[Event "LSS RN-2009-0-00232"]
[Site "LSS email"]
[Date "2009.10.01"]
[Round "?"]
[White "Brey Rodrigo, Gonzalo"]
[Black "Jokmin, Guido"]
[Result "1-0"]
[WhiteElo "800"]
[BlackElo "569"]
[PlyCount "35"]
[EventDate "2009.09.13"]
[EventType "tourn (corr)"]
[EventRounds "6"]
[EventCountry "GER"]
[SourceTitle "Corr 2011"]
[Source "ChessBase"]
[SourceDate "2010.08.31"]
[SourceVersion "1"]
[SourceVersionDate "2010.08.31"]
[SourceQuality "1"]

1. e4 e5 2. Nf3 Nf6 3. d4 c6 4. c3 exd4 5. e5 Ne4 6. cxd4 d5 7. Nc3 Bb4 8. Qc2 Bf5 9. Bd3 0-0 10. 0-0 Nd7 11. Nxe4 dxe4 12. Bxe4 Bxe4 13. Qxe4 Kh8 14. a3 Ba5 15. b4 Bc7 16. Ng5 g6 17. Bb2 Re8 18. Nxf7+ 1-0

[Event "LSS OP-2009-0-00955"]
[Site "LSS email"]
[Date "2009.10.01"]
[Round "?"]
[White "Brey Rodrigo, Gonzalo"]
[Black "Lonyuk, Bohdan"]
[Result "1-0"]
[WhiteElo "800"]
[BlackElo "1400"]
[PlyCount "105"]
[EventDate "2009.09.26"]
[EventType "tourn (corr)"]
[EventRounds "4"]
[EventCountry "GER"]
[SourceTitle "Telechess CBM 137"]
[Source "ChessBase"]
[SourceDate "2010.07.15"]
[SourceVersion "1"]
[SourceVersionDate "2010.07.15"]
[SourceQuality "1"]

1. e4 e5 2. Nf3 Nc6 3. Bb5 a6 4. Ba4 Nf6 5. 0-0 Be7 6. Re1 b5 7. Bb3 d6 8. h3 Na5 9. c3 Nxb3 10. Qxb3 0-0 11. d4 Nd7 12. Be3 Bb7 13. Nbd2 c5 14. Rad1 c4 15. Qc2 Qc7 16. Nf1 Kh8 17. Ng3 g6 18. b4 Nf6 19. d5 Ne8 20. a4 Ng7 21. axb5 axb5 22. Ra1 Qd7 23. Ng5 Bxg5 24. Bxg5 f5 25. f3 f4 26. Ne2 Ne8 27. Rxa8 Bxa8 28. Ra1 Nc7 29. Bh4 h6 30. Bf2 Bb7 31. Ra7 Na6 32. Qa2 Nb8 33. Qa5 Rf7 34. Qb6 Qc7 35. Qxb5 Qc8 36. Qb6 Qc7 37. Qxc7 Rxc7 38. b5 Rg7 39. Nc1 Bc8 40. b6 Na6 41. Na2 Rxa7 42. bxa7 Bb7 43. Kf1 Nc7 44. Ke2 Nb5 45. Kd2 Kg7 46. Nb4 Kf7 47. Nc6 Ke8 48. Na5 Nxa7 49. Bxa7 Ba6 50. Kc2 Ke7 51. Kb2 Kf6 52. Bb8 Kg5 53. Bxd6 1-0